| 000 | 00942nam a2200277 a 4500 | ||
|---|---|---|---|
| 001 | 000001996 | ||
| 005 | 20260120073949.0 | ||
| 008 | 090630s2007 dr ac 001 0 spa d | ||
| 020 | _a9993493511 | ||
| 020 | _a9789993493518 | ||
| 040 |
_aDO-SdBNP _bspa _cBNPHU |
||
| 082 |
_a248.4 _bB312a, 2007 |
||
| 100 | 1 |
_aBasilio, Nicolás, _d1942- _96469 |
|
| 245 | 1 | 0 |
_aAdvertencia divina para los días finales / _cNicolás Basilio ; prólogo Kittim Silva Bermúdez. |
| 250 | _a2a ed. | ||
| 260 |
_aSanto Domingo : _bEstudio 24, _c2007. |
||
| 300 |
_a270 p. : _bil., retr. ; _c23 cm. |
||
| 500 | _aIncluye índice | ||
| 500 | _aIncluye datos biográficos del autor en la contrasolapa. | ||
| 590 | _aInventariado, 2018/BT | ||
| 650 | 0 |
_aVida espiritual _9268 |
|
| 650 | 4 |
_aDirección espiritual _96470 |
|
| 650 | 4 |
_aFormación espiritual _96471 |
|
| 700 | 1 |
_aSilva Bermúdez, Kittim, _epról. _96472 |
|
| 910 | _aValidado. Control de calidad. MFF | ||
| 999 |
_c1862 _d1862 |
||